000 00571nam a2200169Ia 4500
008 090711s9999 xx 000 0 und d
082 _b1836
100 _aवाळिंबे शरदSांद्र
245 _aब्लॅक किंग
260 _bशांती पब्लिकेशन्स
_c1998
300 _a194
600 _aवाळिंबे शरदSांद्र
630 _aब्लॅक किंग
700 _aवाळिंबे शरदSांद्र
730 _aब्लॅक किंग
942 _cBOOK
999 _c325744
_d325744